000 01745cam a2200289 a 4500
001 15577959
003 OSt
005 20250319120443.0
008 090107s2009 enka b 001 0 eng
010 _a 2009000486
020 _a9780273713869 (pbk. : alk. paper)
035 _a(OCoLC)ocn298113123
040 _aDLC
_cKCST
050 0 0 _aHF5549
_b.S8865 2009
082 0 0 _a658.301
_222
245 0 4 _aThe strategic managing of human resources /
_cedited by John Leopold and Lynette Harris.
250 _a2nd ed.
260 _aHarlow, England ;
_aNew York :
_bPrentice Hall/Financial Times,
_c2009.
300 _axxiv, 587 p. :
_bill. ;
_c25 cm.
504 _aIncludes bibliographical references (p. 521-569) and index.
505 0 _aOrganisations, strategies and human resourcing -- Managing uncertainty or managing uncertainly? -- Employment law and human resourcing strategies -- Ethics and strategic human resourcing -- From equal opportunities to diversity management -- Assessment, selection and evaluation -- Performance management and performing management -- Reward strategies and paying for contribution -- Parting company : the strategic responsibility of exit management -- Human resourcing in international organisations -- Knowledge organisations, strategies and human resourcing -- Managing processes of human resource development -- Developing managers and managerial capacities -- Strategic choice in patterns of employment relationships -- Employee participation, involvement and communications -- Managing consulting and consultancy relationships.
650 0 _aPersonnel management.
_9393
650 0 _aStrategic planning.
_9722
700 1 _aLeopold, John.
_94557
700 1 _aHarris, Lynette.
_94558
942 _2ddc
_cREF
999 _c452
_d452